TOEIC Academy /

Bewaard in:
Bibliografische gegevens
Hoofdauteur: Jim Lee
Formaat: Boek
Taal:English
Gepubliceerd in: Nhân Trí Việt, Tổng hợp TPHCM 2009.
Onderwerpen:
Tags: Voeg label toe
Geen labels, Wees de eerste die dit record labelt!
Thư viện lưu trữ: Mạng thư viện Đại học Đà Nẵng
LEADER 00935cam a22002891a 4500
001 000035207
003 11481
005 20221108084506.0
008 151106s2009 vm 000 eng
041 |a eng 
082 |a 420.8  |b LE-J 
100 |a Jim Lee 
245 0 |a TOEIC Academy /  |c Jim Lee; Sandy Cho. 
260 |b Tổng hợp TPHCM  |a Nhân Trí Việt,  |c 2009. 
300 |a 278tr. ; :  |b mh. ;  |c 26cm. 
650 |a TOEIC Academy 
653 |a TOEIC  |a Tiếng Anh 
OWN |a LNN 
AVA |a UDN50  |b LNN  |c English  |d 420.8 LE-J  |e available  |t Error 5001 Not defined in file expand_doc_bib_avail.  |f 5  |g 1  |h N  |i 0  |j AN 
999 |a From the UDN01 
AVA |a UDN50  |b LNN  |c English  |d 420.8 LE-J  |e available  |t Error 5001 Not defined in file expand_doc_bib_avail.  |f 5  |g 1  |h N  |i 0  |j AN 
TYP |a Monograph 
TYP |a Printed language 
980 |a Mạng thư viện Đại học Đà Nẵng